01006nam a2200289 i 4500001001000000003000900010005001700019007000300036008004100039020001500080040003000095041000800125082003000133100005500163245008100218250002200299264004700321300006100368336002700429337003300456338002800489600004000517600003200557600003900589600003500628651005300663000021882DO-SdBNP20250204083504.0ta100914s2004 dr bc 000 0 spa d z9993432035 aDO-SdBNPbspacBNPHUerda aspa a972.93053bC957h 20042221 aCruz González, Alcibíades,d1954-eautor4aut.14aLas heroínas de Salcedo en un ojo de agua /cAlcibíades Cruz González. aSegunda edición 4aSanto Domingo :bEditorial Argos,c©2004. a191 páginas :bilustraciones, mapas, retratos.c22 cm. atextobtxt2rdacontent asin mediaciónbn2rdamedia avolumenbnc2rdacarrier14aMirabal Reyes, Minerva, d1926-196010aMirabal, Patria,d1924-196010aMirabal, Maria Teresa, d1935-196014aCruz, Rufino de la,d1923-1960 4aSalcedo (República Dominicana)xHistoria Local